000 00354nam a2200145Ia 4500
008 230312s9999||||xx |||||||||||||| ||und||
020 _a978-81-317-2426
082 _a005.446
_bSCH-M
100 _aJang,J.S.R
245 0 _aNeuro-Fuzzy & Soft Computing
260 _bPearson
_aIndia
_c2009
300 _a492
650 _aComputer
_vComputer
942 _cBK
999 _c15704
_d15704